Rozpoznávanie pohybu ruky senzorom Kinect

Guardado en:
Detalles Bibliográficos
Autor principal: Hammad, Amir (Autor)
Otros Autores: Kajan, Slavomír (Orientador)
Formato: Manuscrito Libro
Lenguaje:eslovaco
Publicado: 2015
Materias:
Acceso en línea:http://is.stuba.sk/zp/portal_zp.pl?podrobnosti=111727
Etiquetas: Agregar Etiqueta
Sin Etiquetas, Sea el primero en etiquetar este registro!

MARC

LEADER 00000ntm a22000003a 4500
001 stuzp52538
003 SK-STU
005 20160719154214.1
007 ta
008 150427s2015----xo-----f-mn---000-0-slo-d
040 |a STU  |b slo 
041 0 |a slo 
100 1 |a Hammad, Amir  |u 031000  |4 aut  |U FEI Fakulta elektrotechniky a informatiky  |T FEI Ústav robotiky a kybernetiky  |X 6157  |U E011  |Y 356  |7 A000006157 
242 0 1 |a Hand-tracking and gesture classification using Kinect  |y eng 
245 1 0 |a Rozpoznávanie pohybu ruky senzorom Kinect 
260 |c 2015 
300 |a 43 s., príl.  |b CD-ROM 
650 4 |a kinect  |2 slo 
650 4 |a neurónová sieť  |2 slo 
650 4 |a sledovanie ruky  |2 slo 
650 4 |a hand-tracking  |2 slo 
650 4 |a kinect  |2 eng 
650 4 |a hand tracking  |2 eng 
650 4 |a neural network  |2 eng 
700 1 |a Kajan, Slavomír  |4 ths  |X 4240  |7 A000004240 
856 4 |u http://is.stuba.sk/zp/portal_zp.pl?podrobnosti=111727 
996 |b 284EP11086  |c E*DIPL- 11086  |l EE31  |s P  |a 0  |w stuzp52538_0001 
SQL |a stuzp52538  |b DDP  |c SLO  |d Rozpoznávanie pohybu ruky senzorom Kinect  |e 6157  |f Hammad, Amir  |g 031000  |h 4240  |i Kajan, Slavomír  |j 20150616  |k 84  |l 03  |m http://is.stuba.sk/zp/portal_zp.pl?podrobnosti=111727  |n I-ROB  |o 5.2.14. automatizácia